=LDR 00000nam 2200000 4500 =001 INLIS000000000036960 =005 20130612142720 =008 ***********************************Ind** =035 ##$$0010-061300000036960 =041 ##$$a Ind =082 ##$$a 398.359 8 =090 ##$$a 398.359 8, Don d =245 ##$$a Dangeng nusantara 33 privinsi, Tim Kreatif Hifest ; editor, Nova Vest =260 ##$$a 2011 $b Jakarta =300 ##$$a 112 hlm, ilus, 32 hlm =650 ##$$a Cerita rakyat Indonesia =850 ##$$a NBPNMAT